AIESA 2009 Mladá veda AIESA 2009 - participácia doktorandov a mladých vedeckých pracovníkov na budovaní spoločnosti založenej na vedomostiach

Salvato in:
Dettagli Bibliografici
Enti autori: AIESA 2009. Medzinárodná vedecká konferencia, Ekonomická univerzita v Bratislave. Fakulta hospodárskej informatiky
Altri autori: Pardelová, Ružena
Natura: Libro
Lingua:inglese
Pubblicazione: Bratislava Vydavateľstvo EKONÓM 2009
Soggetti:
Tags: Aggiungi Tag
Nessun Tag, puoi essere il primo ad aggiungerne!!

MARC

LEADER 00000nam$a2200000$$$4500
001 0099632
005 20240502072109.2
020 |a 978-80-225-2800-9 
041 0 |a eng 
044 |a SK 
245 1 0 |a AIESA 2009  |b Mladá veda AIESA 2009 - participácia doktorandov a mladých vedeckých pracovníkov na budovaní spoločnosti založenej na vedomostiach  |c zostavenie zborníka: Ružena Pardelová 
264 1 |a Bratislava  |b Vydavateľstvo EKONÓM  |c 2009 
300 |a 21 s. 
610 2 0 |a technológie informačné 
610 2 0 |a systémy informačné 
610 2 0 |a informatika ekonomická 
610 2 0 |a spoločnosť informačná 
610 2 0 |a Slovensko 
610 2 0 |a Európska únia 
610 2 0 |a systémy účtovné 
610 2 0 |a štatistika 
610 2 0 |a aktuári 
610 2 0 |a teória štatistiky 
610 2 0 |a modely výskumu operačného 
610 2 0 |a výskum operačný 
610 2 0 |a ekonometria 
700 1 |a Pardelová, Ružena 
110 2 |a AIESA 2009. Medzinárodná vedecká konferencia 
710 2 |a Ekonomická univerzita v Bratislave. Fakulta hospodárskej informatiky